TEXT BOOK OF PROSTHODONTICS (Record no. 3519)

MARC details
000 -LEADER
fixed length control field 00372nam a2200145Ia 4500
008 - FIXED-LENGTH DATA ELEMENTS--GENERAL INFORMATION
fixed length control field 150201s2005 xx 000 0 und d
082 ## - DEWEY DECIMAL CLASSIFICATION NUMBER
Classification number 617.695
Item number P2007N
100 ## - MAIN ENTRY--PERSONAL NAME
Personal name NALLASWAMY, DEEPAK
245 ## - TITLE STATEMENT
Title TEXT BOOK OF PROSTHODONTICS
250 ## - EDITION STATEMENT
Edition statement 1ST
260 ## - PUBLICATION, DISTRIBUTION, ETC. (IMPRINT)
Name of publisher, distributor, etc. JAYPEE MEDICAL PUBLISHER
Place of publication, distribution, etc. DELHI
Date of publication, distribution, etc. 2005
300 ## - PHYSICAL DESCRIPTION
Extent 1-844
650 ## - SUBJECT ADDED ENTRY--TOPICAL TERM
Topical term or geographic name as entry element PROSTHODONTICS
942 ## - ADDED ENTRY ELEMENTS (KOHA)
Source of classification or shelving scheme Dewey Decimal Classification
Koha item type Books
Koha issues (borrowed), all copies 45
Holdings
Withdrawn status Lost status Source of classification or shelving scheme Damaged status Not for loan Home library Current library Date acquired Source of acquisition Cost, normal purchase price Serial Enumeration / chronology SGTU Bill Number Total Checkouts Full call number Barcode Date last seen Date last checked out Bill Date Koha item type Total Renewals
    Dewey Decimal Classification     SGT Dental Library SGT Dental Library 23/11/2007 U.B.S.DELHI 795.00 1 SGTU 16 55 617.695 P2007N FD3990 26/05/2022 17/05/2022 01/08/2012 Books  
    Dewey Decimal Classification     SGT Dental Library SGT Dental Library 23/11/2007 U.B.S.DELHI 795.00 1 SGTU 16 29 617.695 P2007N FD3991 29/01/2020 17/01/2020 01/08/2012 Books  
    Dewey Decimal Classification     SGT Dental Library SGT Dental Library 23/11/2007 U.B.S.DELHI 795.00 1 SGTU 16 42 617.695 P2007N FD3992 28/11/2022 28/11/2022 01/08/2012 Books  
    Dewey Decimal Classification     SGT Dental Library SGT Dental Library 23/11/2007 U.B.S.DELHI 795.00 1 SGTU 16 41 617.695 P2007N FD3993 14/03/2022 14/03/2022 01/08/2012 Books  
    Dewey Decimal Classification     SGT Dental Library SGT Dental Library 23/11/2007 U.B.S.DELHI 795.00 1 SGTU 16 50 617.695 P2007N FD3994 07/07/2022 21/06/2022 01/08/2012 Books 1
    Dewey Decimal Classification     SGT Dental Library SGT Dental Library 23/11/2007 U.B.S.DELHI 795.00 1 SGTU 16 30 617.695 P2007N FD3995 14/11/2022 31/10/2022 01/08/2012 Books